000 00841nam a2200217Ii 4500
003 JO-AjNU
008 230605s9999||||xx |||||||||||||| ||und||
017 _a1998/15786
020 _a977-01-6000-8
040 _aJO-AjNU
_bara
_erda
_cJO-AjNU
041 _aara
050 1 4 _aDT70.A2257 1999
100 3 _aتاليف حمزه، عبد اللطيف؛ تقديم عصفور، جابر,
_eauthor
_936639
245 0 0 _aالحركة الفكرية في مصر في العصرين الأيوبي والمملوكي الأول
264 3 1 _aالقاهرة: الهيئة المصرية العامة للكتاب، 1999
300 _a403ص
336 _atext
_btxt
_2rdacontent
337 _aunmediated
_bn
_2rdamedia
338 _avolume
_bnc
_2rdacarrier
650 4 _aمصر-العصرين الايوبي والمملوكي-تاريخ
_936640
999 _aA15240
_c18808
_d18808